Ruined By A Letter: Novels Quiz Stats

 Plays Quiz Updated Nov 6, 2017

Challenge
Share
Tweet
Embed
Score 0/26 Timer 04:00
1 Play Today
% Correct
J
95.2%
I
95.1%
R
94.3%
L
94.2%
M
94.1%
Y
92.8%
C
92.3%
B
91.9%
H
91.5%
Q
90.7%
U
90.4%
A
90.3%
G
88.5%
% Correct
E
85.5%
S
84.3%
O
83.4%
F
83.3%
V
83.2%
T
83%
W
75.9%
D
74.8%
P
74.6%
X
69.8%
N
69.4%
Z
68.1%
K
56.9%

You're not logged in!

Compare scores with friends on all Sporcle quizzes.
OR
Log In

You Might Also Like...

Show Comments

Extras

Top Quizzes Today


Score Distribution

Your Account Isn't Verified!

In order to create a playlist on Sporcle, you need to verify the email address you used during registration. Go to your Sporcle Settings to finish the process.

Report this User

Report this user for behavior that violates our Community Guidelines.

Details: